General Management/ (Record no. 201845)

MARC details
000 -LEADER
fixed length control field 00524nam a22001937a 4500
005 - DATE AND TIME OF LATEST TRANSACTION
control field 20240401124500.0
010 ## - LCCN (DPL NO)
LC control number ENG-139891
020 ## - INTERNATIONAL STANDARD BOOK NUMBER
International Standard Book Number 9788190515740
Terms of availability 1195.00
035 ## - SYSTEM CONTROL NUMBER
System control number EN-123423
037 ## - SOURCE OF ACQUISITION
Source of stock number/acquisition DBAD
082 ## - DEWEY DECIMAL CLASSIFICATION NUMBER
Classification number 658
Edition number 1
100 ## - MAIN ENTRY--PERSONAL NAME
Personal name Sharma, Gaurav
245 ## - TITLE STATEMENT
Title General Management/
Statement of responsibility, etc By Gaurav Sharma
250 ## - EDITION STATEMENT
Edition statement 1
260 ## - PUBLICATION, DISTRIBUTION, ETC. (IMPRINT)
Place of publication, distribution, etc Delhi
Name of publisher, distributor, etc Mukund Publication
Date of publication, distribution, etc 2022
270 ## - ADDRESS
Address E-11/5, Krishana Nagar
City Delhi
Postal code 110051
300 ## - PHYSICAL DESCRIPTION
Extent 296p.
Dimensions 22cm(Hb)
942 ## - ADDED ENTRY ELEMENTS (KOHA)
Source of classification or shelving scheme Dewey Decimal Classification
Item type English Books
Classification part 658
Call number suffix SHA
Edition 1
Holdings
Withdrawn status Lost status Not for loan Collection code Home library Current library Date acquired Source of acquisition Cost, normal purchase price Full call number Barcode Copy number Cost, replacement price Koha item type
      Non-fiction Bawana Bawana 01/04/2024 DBAD 1195.00 658 SHA EN-123423 1 1195.00 English Books

© Delhi Public Library
Hit Counter
free hit counter